Normal view
MARC view
- Telecommunication Engineering- MS-Theses
Entry Topical Term
001 - CONTROL NUMBER
- control field: 34928
003 - CONTROL NUMBER IDENTIFIER
- control field: NUST
005 - DATE AND TIME OF LATEST TRANSACTION
- control field: 20201109114649.0
008 - FIXED-LENGTH DATA ELEMENTS
- fixed length control field: 201109|| aca||aabn | a|a d
040 ## - CATALOGING SOURCE
- Original cataloging agency: NUST
- Transcribing agency: NUST
150 ## - HEADING--TOPICAL TERM
- Topical term or geographic name entry element: Telecommunication Engineering- MS-Theses
670 ## - SOURCE DATA FOUND
- Source citation: Work cat.: (NUST): Tariq, Sana 34927, Convexity Analysis for Multiband Sensing of Complex Gaussian Signal in Cognitive Radios /
